000 00191nam a22001097a 4500
040 _cSY
082 _a635
100 _aNA
245 _aProject report
260 _aAVRDC
_bNA
_cNA
942 _cEK
999 _c8802
_d8802